[Event "Amposta Balague Memorial 3rd"]
[Site "Amposta"]
[Date "2016.08.04"]
[Round "5"]
[White "Sos Andreu, Eric"]
[Black "Panella Navarro, Sergi"]
[Result "1-0"]
[WhiteElo "2369"]
[BlackElo "2223"]
[PlyCount "89"]
[EventDate "2016.08.01"]
[EventType "swiss"]
[EventRounds "9"]
[EventCountry "ESP"]
[SourceTitle "CBM 173 Extra"]
[Source "ChessBase"]
[SourceDate "2016.08.29"]
[SourceVersion "1"]
[SourceVersionDate "2016.08.29"]
[SourceQuality "1"]

1. d4 Nf6 2. c4 g6 3. Nc3 Bg7 4. e4 d6 5. Nf3 0-0 6. Be2 e5 7. 0-0 Nc6 8. d5 Ne7 9. b4 a5 10. Ba3 axb4 11. Bxb4 Nh5 12. c5 f5 13. Ng5 Nf6 14. Ne6 Bxe6 15. cxd6 cxd6 16. dxe6 Nxe4 17. Nxe4 fxe4 18. Qxd6 Qxd6 19. Bxd6 Rfe8 20. Bb5 Nc6 21. Bc4 Bf6 22. Rab1 Be7 23. Rfd1 Ra4 24. Bb5 Rxa2 25. Bxe5 Kf8 26. Bc4 Ra4 27. Bb3 Ra6 28. Bc3 Nd8 29. Bd2 Nxe6 30. Bc4 Rd6 31. Bh6+ Kf7 32. Rxd6 Bxd6 33. Rxb7+ Re7 34. Rb6 Bc5 35. Rc6 Bd4 36. h4 Bf6 37. g3 Be5 38. Kf1 Re8 39. Ke2 Bb2 40. Bg5 Bf6 41. Be3 Bb2 42. Bg5 Bf6 43. Ke3 Bxg5+ 44. hxg5 Re7 45. Kxe4 1-0

[Event "Masdenverge op 5th"]
[Site "Masdenverge"]
[Date "2016.06.26"]
[Round "7"]
[White "Jordan Martinez, Miguel"]
[Black "Panella Navarro, Sergi"]
[Result "0-1"]
[WhiteElo "2193"]
[BlackElo "2194"]
[PlyCount "104"]
[EventDate "2016.06.24"]
[EventType "swiss"]
[EventRounds "7"]
[EventCountry "ESP"]
[SourceTitle "EXT 2017"]
[Source "ChessBase"]
[SourceDate "2016.10.25"]
[SourceVersion "1"]
[SourceVersionDate "2016.10.25"]
[SourceQuality "1"]

1. e4 e5 2. Nf3 Nc6 3. Bc4 Nf6 4. d3 Bc5 5. c3 0-0 6. Nbd2 a6 7. Bb3 d6 8. h3 Ba7 9. Nf1 h6 10. Qe2 d5 11. Ng3 Re8 12. 0-0 Be6 13. Kh2 Na5 14. Bc2 dxe4 15. Nxe4 Bd5 16. Nfd2 b5 17. b3 c5 18. Qf3 Kh8 19. g4 Rc8 20. Qg3 Bb8 21. Rg1 Ng8 22. Nf3 c4 23. dxc4 Bxe4 24. Bxe4 Nf6 25. Re1 bxc4 26. b4 Nxe4 27. Rxe4 Qd5 28. Nd2 Nb7 29. Qe3 Nd6 30. Kg1 Nxe4 31. Qxe4 Red8 32. Qxd5 Rxd5 33. Kf1 Rd3 34. Ne4 Ba7 35. Ke2 Rxh3 36. g5 hxg5 37. Bxg5 f6 38. Be3 Bxe3 39. fxe3 Rd8 40. Nf2 Rh2 41. a4 g5 42. Kf3 f5 43. Kg3 Rh6 44. e4 f4+ 45. Kg4 Rh2 46. Nh3 Rd3 47. Nxg5 Rg3+ 48. Kf5 Rh5 49. b5 Rhxg5+ 50. Kf6 a5 51. Rb1 Rg6+ 52. Kxe5 Rxc3 0-1

[Event "Masdenverge op 5th"]
[Site "Masdenverge"]
[Date "2016.06.25"]
[Round "5"]
[White "Aymerich Rosell, Pablo"]
[Black "Panella Navarro, Sergi"]
[Result "1/2-1/2"]
[WhiteElo "2173"]
[BlackElo "2194"]
[PlyCount "63"]
[EventDate "2016.06.24"]
[EventType "swiss"]
[EventRounds "7"]
[EventCountry "ESP"]
[SourceTitle "EXT 2017"]
[Source "ChessBase"]
[SourceDate "2016.10.25"]
[SourceVersion "1"]
[SourceVersionDate "2016.10.25"]
[SourceQuality "1"]

1. d4 Nf6 2. c4 g6 3. Nc3 Bg7 4. e4 d6 5. Be2 0-0 6. Bg5 c5 7. d5 e6 8. Qd2 exd5 9. exd5 Re8 10. Nf3 a6 11. a4 Bg4 12. 0-0 Nbd7 13. h3 Bxf3 14. Bxf3 Qa5 15. Be2 Ne4 16. Nxe4 Qxd2 17. Bxd2 Rxe4 18. Rfe1 Rae8 19. Kf1 Kf8 20. Rab1 b6 21. b3 a5 22. Bf3 Rxe1+ 23. Rxe1 Rxe1+ 24. Kxe1 Ke7 25. Be2 h5 26. f4 Bd4 27. Bd3 f5 28. Ke2 Nf6 29. Kf3 Kf7 30. Be1 Bb2 31. Bh4 Bd4 32. Bc2 1/2-1/2

[Event "Amposta Balague Memorial 2nd"]
[Site "Amposta"]
[Date "2015.07.17"]
[Round "5"]
[White "Villar Reymundo, Juan Antonio"]
[Black "Panella Navarro, Sergi"]
[Result "1-0"]
[WhiteElo "1968"]
[BlackElo "2184"]
[PlyCount "111"]
[EventDate "2015.07.15"]
[EventType "swiss"]
[EventRounds "9"]
[EventCountry "ESP"]
[SourceTitle "CBM 167 Extra"]
[Source "ChessBase"]
[SourceDate "2015.09.14"]
[SourceVersion "1"]
[SourceVersionDate "2015.09.14"]
[SourceQuality "1"]

1. g3 Nf6 2. Bg2 g6 3. c4 Bg7 4. Nc3 0-0 5. e3 c5 6. Nge2 Nc6 7. 0-0 d6 8. d4 Na5 9. b3 Qc7 10. Bb2 a6 11. Rc1 Rb8 12. Qc2 b5 13. cxb5 axb5 14. dxc5 dxc5 15. Nf4 Qa7 16. Ncd5 Nxd5 17. Nxd5 Bxb2 18. Qxb2 Be6 19. Nf4 Bf5 20. Qe5 c4 21. b4 Nb7 22. Nd5 Rfe8 23. Nxe7+ Rxe7 24. Qxe7 Qb6 25. e4 Be6 26. Rfd1 Nd8 27. e5 Nc6 28. Bxc6 Qxc6 29. Rd8+ Rxd8 30. Qxd8+ Kg7 31. Qf6+ Kh6 32. Rd1 Qe4 33. Qf4+ Qxf4 34. gxf4 g5 35. fxg5+ Kxg5 36. Kf1 Kf4 37. Ke1 Kxe5 38. Kd2 c3+ 39. Kxc3 Bxa2 40. Rd4 Be6 41. Rh4 Bf5 42. Rh5 Ke4 43. Rxf5 Kxf5 44. Kd4 Kg4 45. Kc5 Kh3 46. Kxb5 Kxh2 47. Kc4 h5 48. b5 h4 49. b6 h3 50. b7 Kg1 51. b8Q h2 52. Qg3+ Kh1 53. Kd3 f5 54. Ke2 f4 55. Qf3+ Kg1 56. Qg4+ 1-0

[Event "Amposta Balague Memorial 2nd"]
[Site "Amposta"]
[Date "2015.07.16"]
[Round "3"]
[White "Panella Navarro, Sergi"]
[Black "Diaz Velandia, Jose Manuel"]
[Result "1-0"]
[WhiteElo "2184"]
[BlackElo "2315"]
[PlyCount "62"]
[EventDate "2015.07.15"]
[EventType "swiss"]
[EventRounds "9"]
[EventCountry "ESP"]
[SourceTitle "CBM 167 Extra"]
[Source "ChessBase"]
[SourceDate "2015.09.14"]
[SourceVersion "1"]
[SourceVersionDate "2015.09.14"]
[SourceQuality "1"]

1. e4 d5 2. exd5 Qxd5 3. Nc3 Qd6 4. d4 c6 5. Nf3 Bg4 6. Be3 Qb4 7. a3 Qa5 8. h3 Bxf3 9. Qxf3 e6 10. Bd3 Nf6 11. 0-0 Bd6 12. Nb5 Qd8 13. Nxd6+ Qxd6 14. Rad1 Nbd7 15. Rfe1 0-0 16. c4 Kh8 17. Bb1 Qc7 18. Bd2 b5 19. b3 Nb6 20. Bc3 bxc4 21. bxc4 Nbd7 22. g4 Kg8 23. g5 Ne8 24. d5 cxd5 25. cxd5 Rc8 26. dxe6 fxe6 27. Qe4 g6 28. Qxe6+ Rf7 29. Ba2 Nf8 30. Qe7 Qf4 31. Bf6 Rc4 1-0

[Event "Tarragona Calbet Memorial"]
[Site "Tarragona"]
[Date "2013.05.04"]
[Round "4"]
[White "Regue Farran, Enric"]
[Black "Panella Navarro, Sergi"]
[Result "0-1"]
[WhiteElo "2046"]
[BlackElo "2160"]
[PlyCount "42"]
[EventDate "2013.04.13"]
[EventType "swiss"]
[EventRounds "8"]
[EventCountry "ESP"]
[SourceTitle "EXT 2014"]
[Source "ChessBase"]
[SourceDate "2013.11.20"]
[SourceVersion "1"]
[SourceVersionDate "2013.11.20"]
[SourceQuality "1"]

1. e4 e5 2. Nf3 Nc6 3. Bb5 f5 4. Nc3 fxe4 5. Nxe4 d5 6. Nxe5 dxe4 7. Nxc6 Qg5 8. Qe2 Nf6 9. f4 Qxf4 10. Rf1 Qxh2 11. Rxf6 gxf6 12. Qxe4+ Kf7 13. Nd8+ Kg7 14. d4 Bd6 15. Nxb7 Bxb7 16. Qxb7 Qg1+ 17. Ke2 Qxd4 18. Be3 Rhe8 19. Bxe8 Rxe8 20. Qf3 Bc5 21. Qg3+ Kh8 0-1

[Event "Catalunya-ch U18"]
[Site "Vila Seca"]
[Date "2012.04.04"]
[Round "8"]
[White "Delisau Gil, Oriol"]
[Black "Panella Navarro, Sergi"]
[Result "1/2-1/2"]
[WhiteElo "1976"]
[BlackElo "2122"]
[PlyCount "100"]
[EventDate "2012.03.31"]
[EventType "swiss"]
[EventRounds "9"]
[EventCountry "ESP"]
[SourceTitle "EXT 2015"]
[Source "ChessBase"]
[SourceDate "2014.11.20"]
[SourceVersion "1"]
[SourceVersionDate "2014.11.20"]
[SourceQuality "1"]

1. d4 Nf6 2. c4 g6 3. Nc3 Bg7 4. e4 d6 5. Nf3 0-0 6. Be2 e5 7. 0-0 Nc6 8. d5 Ne7 9. b4 a5 10. Ba3 Nd7 11. bxa5 Rxa5 12. Bb4 Ra8 13. a4 f5 14. Nd2 Nf6 15. c5 Ne8 16. Nc4 fxe4 17. cxd6 cxd6 18. Nxe4 Rf4 19. Nexd6 Rd4 20. Qb3 Nxd6 21. Bxd6 Nxd5 22. Bxe5 Bxe5 23. Nxe5 Re4 24. Bc4 Rxe5 25. Rfe1 Rxe1+ 26. Rxe1 Ra5 27. Re5 Qf6 28. Bxd5+ Kg7 29. Re1 b6 30. Bf3 Bd7 31. Qb4 Re5 32. Rxe5 Qxe5 33. h3 Qa1+ 34. Kh2 Qe5+ 35. g3 Qf6 36. Qe4 Bxa4 37. Qxa4 Qxf3 38. Qa7+ Kg8 39. Qxb6 Kg7 40. Qd4+ Kg8 41. Qd8+ Kg7 42. Qe7+ Kg8 43. Qe3 Qd5 44. h4 Kg7 45. Qf4 Kg8 46. Qg5 Qf3 47. Qe3 Qd5 48. Qe8+ Kg7 49. Qe7+ Kg8 50. Qf6 Qd1 1/2-1/2

[Event "Catalunya-ch U18"]
[Site "Vila Seca"]
[Date "2012.04.02"]
[Round "5"]
[White "Panella Navarro, Sergi"]
[Black "Balague Camps, Marc"]
[Result "1/2-1/2"]
[WhiteElo "2122"]
[BlackElo "2090"]
[PlyCount "61"]
[EventDate "2012.03.31"]
[EventType "swiss"]
[EventRounds "9"]
[EventCountry "ESP"]
[SourceTitle "EXT 2015"]
[Source "ChessBase"]
[SourceDate "2014.11.20"]
[SourceVersion "1"]
[SourceVersionDate "2014.11.20"]
[SourceQuality "1"]

1. e4 c5 2. Nf3 e6 3. d4 cxd4 4. Nxd4 Nc6 5. Be3 Qc7 6. Nc3 a6 7. Qd2 Nf6 8. f3 d5 9. exd5 Nxd5 10. Nxd5 exd5 11. c3 Bd6 12. Bd3 Ne5 13. 0-0-0 0-0 14. Kb1 Nc4 15. Bxc4 dxc4 16. Ne6 Bxe6 17. Qxd6 Qxd6 18. Rxd6 Rad8 19. Rxd8 Rxd8 20. Bd4 f6 21. Re1 Kf7 22. Kc1 Rd7 23. Re2 Rd8 24. Re1 Rd7 25. a3 Rd8 26. Re2 Rd7 27. Re1 Rd8 28. Re2 Rd7 29. Re3 Rd8 30. Re1 Rd7 31. Re2 1/2-1/2

[Event "Catalunya-ch U20"]
[Site "Vila Seca"]
[Date "2010.04.02"]
[Round "4"]
[White "Panella Navarro, Sergi"]
[Black "Vidal Zamora, Alex"]
[Result "1-0"]
[WhiteElo "1994"]
[BlackElo "2171"]
[PlyCount "129"]
[EventDate "2010.03.31"]
[EventType "swiss"]
[EventRounds "9"]
[EventCountry "ESP"]
[SourceTitle "CBM 135 Extra"]
[Source "ChessBase"]
[SourceDate "2010.05.04"]
[SourceVersion "1"]
[SourceVersionDate "2010.05.04"]
[SourceQuality "1"]

1. e4 c5 2. Nf3 e6 3. d4 cxd4 4. Nxd4 a6 5. Nc3 b5 6. Be3 Bb7 7. f3 Qc7 8. Qd2 Nf6 9. 0-0-0 d5 10. e5 Nfd7 11. f4 Bb4 12. f5 Bxc3 13. Qxc3 Qxc3 14. bxc3 Nc5 15. Nxb5 axb5 16. Bxc5 Bc6 17. fxe6 fxe6 18. Kb1 Nd7 19. Bd6 Nb6 20. Rd2 0-0-0 21. Be2 Kb7 22. Rf1 Rd7 23. Rd4 Ra8 24. Rdf4 Ra4 25. Rxa4 Nxa4 26. Bg4 Nxc3+ 27. Kb2 Na4+ 28. Kc1 Kb6 29. Bxe6 Ra7 30. Rf7 Ra6 31. Rxg7 Nc3 32. a3 Ra4 33. Rg4 Ne2+ 34. Kd2 Nd4 35. Bc8 h5 36. Rg7 Rc4 37. c3 Nb3+ 38. Kc2 d4 39. Bc7+ Kc5 40. Kxb3 Rxc3+ 41. Kb2 Re3 42. Bd6+ Kd5 43. Kc2 Re2+ 44. Kd3 Re3+ 45. Kd2 Rb3 46. Kc2 Re3 47. Kd2 Rb3 48. Bf5 h4 49. Rg4 Re3 50. Rxh4 b4 51. axb4 Bb5 52. Rxd4+ Kxd4 53. Bc5+ Kxe5 54. Kxe3 Kxf5 55. Bd6 Bc6 56. Kf2 Kg5 57. h3 Bb5 58. Be7+ Kg6 59. g4 Kh6 60. h4 Kg6 61. Kg3 Kh6 62. h5 Be2 63. Kh4 Kh7 64. g5 Kg7 65. g6 1-0

[Event "ESP-ch U14"]
[Site "Padron"]
[Date "2008.07.17"]
[Round "8"]
[White "Panella Navarro, Sergi"]
[Black "Toba Rodriguez, Francisco Javier"]
[Result "1-0"]
[WhiteElo "1855"]
[BlackElo "1711"]
[PlyCount "83"]
[EventDate "2008.07.13"]
[EventType "swiss"]
[EventRounds "9"]
[EventCountry "ESP"]
[SourceTitle "CBM 125 Extra"]
[Source "ChessBase"]
[SourceDate "2008.09.01"]
[SourceVersion "1"]
[SourceVersionDate "2008.09.01"]
[SourceQuality "1"]

1. e4 e6 2. d4 d5 3. Nd2 c5 4. exd5 exd5 5. Ngf3 Nc6 6. Bb5 Bd6 7. dxc5 Bxc5 8. 0-0 Nge7 9. Nb3 Bd6 10. Re1 0-0 11. c3 Bg4 12. Bg5 Qc7 13. h3 Bh5 14. Bxe7 Nxe7 15. Bd3 Rad8 16. Nbd4 a6 17. Qc2 Bg6 18. Rad1 Rfe8 19. Bxg6 Nxg6 20. Rxe8+ Rxe8 21. Nf5 Rd8 22. Nxd6 Qxd6 23. Nd4 Ne7 24. Qb3 Qd7 25. Nc2 Qc7 26. Ne3 Qd7 27. Nxd5 Nxd5 28. c4 Qe7 29. cxd5 Kf8 30. Qd3 g6 31. d6 Qd7 32. Qd4 Kg8 33. Re1 Qxd6 34. Re8+ Rxe8 35. Qxd6 Re1+ 36. Kh2 Re2 37. Qb8+ Kg7 38. Qxb7 Rxf2 39. Qxa6 Rxb2 40. a4 f5 41. a5 f4 42. Qa8 1-0

[Event "ESP-ch U14"]
[Site "Padron"]
[Date "2008.07.14"]
[Round "3"]
[White "Panella Navarro, Sergi"]
[Black "Garrido Piriz, Pablo"]
[Result "1-0"]
[WhiteElo "1855"]
[BlackElo "1641"]
[PlyCount "71"]
[EventDate "2008.07.13"]
[EventType "swiss"]
[EventRounds "9"]
[EventCountry "ESP"]
[SourceTitle "CBM 125 Extra"]
[Source "ChessBase"]
[SourceDate "2008.09.01"]
[SourceVersion "1"]
[SourceVersionDate "2008.09.01"]
[SourceQuality "1"]

1. e4 e6 2. d4 d5 3. Nd2 Nf6 4. e5 Nfd7 5. Bd3 c5 6. c3 f6 7. Qh5+ Ke7 8. Ndf3 cxd4 9. cxd4 Qe8 10. Qh4 Qf7 11. Ne2 Ke8 12. 0-0 Be7 13. Qg3 b6 14. Nc3 a6 15. Re1 f5 16. Nxd5 exd5 17. e6 Qf8 18. exd7+ Bxd7 19. Bg5 Nc6 20. Ne5 f4 21. Qh4 Bxg5 22. Nxc6+ Kf7 23. Ne5+ Kg8 24. Qxg5 Qd6 25. Nxd7 Qxd7 26. Re7 Qxe7 27. Qxe7 g5 28. Qxg5+ Kf7 29. Qxd5+ Kg7 30. Qg5+ Kf7 31. Bc4+ Ke8 32. Re1+ Kd7 33. Re7+ Kd8 34. Rxh7+ Kc8 35. Be6+ Kb8 36. Qe5# 1-0